Geometrical constructions using compasses only
Αποθηκεύτηκε σε:
| Κύριος συγγραφέας: | |
|---|---|
| Μορφή: | Βιβλίο |
| Γλώσσα: | English Russian |
| Δημοσίευση: |
Oxford :
Pergamon Press,
1961
|
| Σειρά: | Popular lectures in mathematics (New York, N.Y.)
; 4 |
| Θέματα: | |
| Ετικέτες: |
Προσθήκη ετικέτας
Δεν υπάρχουν, Καταχωρήστε ετικέτα πρώτοι!
|
MARC
| LEADER | 00000cam a2200000 i 4500 | ||
|---|---|---|---|
| 001 | 1/9566 | ||
| 008 | 100720r1961 eng d | ||
| 035 | |l 10108687 | ||
| 040 | |a GR-MY-UA |b gre |e aacr | ||
| 041 | 0 | |a eng |h rus | |
| 082 | 0 | |a 516.2 |2 (22) | |
| 100 | 1 | |a Kostovskii, A. |q (Aleksandr) | |
| 245 | 1 | 0 | |a Geometrical constructions using compasses only / |c by A. N. Kostovskii ; translated from the Russian by Halina Moss ; translation editor Ian N. Sneddon |
| 260 | |a Oxford : |b Pergamon Press, |c 1961 | ||
| 300 | |a xi, 79 σ.; |b εικ.; |c 22 εκ. | ||
| 490 | 1 | |a Popular lectures in mathematics |v ; 4 | |
| 504 | |a Βιβλιογραφία: σ. 79 | ||
| 650 | 0 | 0 | |a Compasses (Mathematical instruments) |
| 830 | 0 | |a Popular lectures in mathematics (New York, N.Y.) |v ; 4 | |
| 852 | |a INST |b SAMOS |c MAG |e 20100720 |h 516.2 KOS |p 005300031446 |q 005300031446 |t BK |y 0 | ||
| 901 | |a BIBL3-2010-2 | ||
| 909 | |a Σ |b 165909 | ||
| 970 | |a ΣΙΤΖΙΜΗ |b ΓΙΑΣΕΜΗ |z 2010/07/20 | ||